[Event "Cto Aragón Equipos DH Gr II"]
[Site "Aragon"]
[Date "2015.03.07"]
[Round "7.23"]
[White "Quintin Navarro, Alberto"]
[Black "Hernando Garcia, Antonio"]
[Result "1-0"]
[WhiteElo "2331"]
[BlackElo "2176"]
[PlyCount "129"]
[EventDate "2015.01.24"]
[WhiteTeam "St. Casablanca"]
[BlackTeam "El Olivar"]

1. d4 d5 2. c4 e6 3. Nf3 Nf6 4. g3 c6 5. Bg2 Nbd7 6. Qc2 Be7 7. O-O O-O 8. Rd1
b6 9. b3 Bb7 10. Nc3 Rc8 11. e4 g6 12. Bb2 Re8 13. Rac1 Bf8 14. e5 Ng4 15. cxd5
cxd5 16. Qe2 a6 17. h3 Nh6 18. g4 Kg7 19. Rc2 Rc6 20. Rdc1 Qa8 21. Qd2 Be7 22.
Bf1 Rec8 23. Bd3 R8c7 24. Nd1 Rxc2 25. Rxc2 Rxc2 26. Bxc2 Qc8 27. Ne3 Ng8 28.
h4 h6 29. h5 g5 30. Kh2 Qc7 31. Kh3 Qc6 32. Bc3 a5 33. Qd3 Nf8 34. Bd2 Qc8 35.
Qe2 Ba6 36. Qd1 Bb4 37. Bxb4 axb4 38. Qd2 Qc3 39. Qxc3 bxc3 40. Kg3 Be2 41. Ng1
Ba6 42. Nd1 Ne7 43. Nxc3 Nc6 44. Nf3 Nb4 45. Bb1 Nd7 46. a3 Nc6 47. Bc2 f6 48.
b4 Bb7 49. Ba4 fxe5 50. Bxc6 Bxc6 51. Nxe5 Nxe5 52. dxe5 d4 53. Nb1 Be4 54. Nd2
Bc2 55. f3 Kf7 56. Kf2 Ke7 57. Ne4 Kd7 58. Nf6+ Kc6 59. Ke2 b5 60. Ng8 Kd5 61.
Nxh6 Kxe5 62. Nf7+ Kf6 63. Nd6 Bb3 64. Ne4+ Ke5 65. h6 1-0

[Event "Cto Aragón Equipos DH Gr II"]
[Site "Aragon"]
[Date "2015.03.07"]
[Round "7.24"]
[White "Melendez Fierro, Juan Bautista"]
[Black "Lopez Gracia, Fernando"]
[Result "0-1"]
[WhiteElo "2139"]
[BlackElo "2327"]
[PlyCount "126"]
[EventDate "2015.01.24"]
[WhiteTeam "El Olivar"]
[BlackTeam "St. Casablanca"]

1. e4 d6 2. d4 Nf6 3. Nc3 c6 4. f4 Qa5 5. e5 Ne4 6. Qf3 d5 7. Bd3 f5 8. exf6
exf6 9. Bxe4 dxe4 10. Qxe4+ Be7 11. d5 Kf7 12. Bd2 Na6 13. Nf3 Re8 14. O-O-O
cxd5 15. Qxd5+ Qxd5 16. Nxd5 Bd6 17. Rhe1 Be6 18. Nc3 Rac8 19. h3 Nc5 20. Nd4
Bd7 21. Kb1 Bb8 22. g4 a6 23. f5 Red8 24. b4 Na4 25. Nxa4 Bxa4 26. Nb3 Rc4 27.
Be3 Rxd1+ 28. Rxd1 Rxb4 29. Rd8 Be5 30. Bd4 Bxb3 31. Bxe5 Ba4+ 32. Bb2 Re4 33.
Ba3 Re8 34. Rxe8 Kxe8 35. c4 Bc6 36. h4 Bf3 37. g5 Bg4 38. Kc2 Bxf5+ 39. Kc3
Kf7 40. Kd4 Kg6 41. Be7 fxg5 42. hxg5 Kh5 43. Kc5 Kg4 44. Kd5 h5 45. gxh6 gxh6
46. c5 Bd7 47. Ke4 h5 48. Bd6 h4 49. Ke3 Bc6 50. a3 Kf5 51. Bc7 Ke6 52. Kd4 Kf5
53. Ke3 Bb5 54. Bd6 Bd7 55. Bc7 Bc6 56. Bd6 Ke6 57. Kd4 b5 58. Bc7 h3 59. Bb8
a5 60. Bh2 Kf5 61. Bb8 Kg4 62. Be5 Kf3 63. a4 b4 0-1

[Event "Cto Aragón Equipos DH Gr II"]
[Site "Aragon"]
[Date "2015.03.07"]
[Round "7.25"]
[White "Colas Longares, Rafael P"]
[Black "Guzman Moneo, Alberto"]
[Result "1-0"]
[WhiteElo "2270"]
[BlackElo "2216"]
[PlyCount "131"]
[EventDate "2015.01.24"]
[WhiteTeam "Caissa"]
[BlackTeam "Helios"]

1. e4 e5 2. Nf3 Nc6 3. Bb5 a6 4. Ba4 Nf6 5. Bxc6 dxc6 6. d3 Bc5 7. Nbd2 Nd7 8.
O-O O-O 9. Re1 Re8 10. Nf1 Bf8 11. Ng3 Nc5 12. h3 f6 13. b3 Ne6 14. Bb2 c5 15.
c3 Nf4 16. d4 Be6 17. Re3 Bd6 18. Qf1 Qe7 19. Rae1 Qf7 20. dxe5 Bxe5 21. Nxe5
fxe5 22. c4 Qf6 23. Nf5 g6 24. Rf3 Bxf5 25. Rxf4 Qg5 26. Rf3 Bd7 27. Rg3 Qh4
28. Qd3 Bc6 29. Qe3 Qf4 30. Qxc5 Rad8 31. Bc1 Qf7 32. Rf3 Qg7 33. Bg5 Rd6 34.
Qe3 Rf8 35. Rxf8+ Qxf8 36. Qg3 Qg7 37. Qh4 Qd7 38. Kh2 Rd3 39. Bf6 Qe6 40. Qg5
Rd4 41. f3 Rd3 42. Bxe5 h6 43. Qg3 Rd2 44. Bxc7 b5 45. Bf4 Rxa2 46. Rd1 Be8 47.
Rd6 Qf7 48. Bxh6 bxc4 49. bxc4 a5 50. Qe5 Kh7 51. Rf6 Kxh6 52. Rxf7 Bxf7 53.
Qh8+ Kg5 54. h4+ Kf4 55. Qf6+ Ke3 56. Qxf7 a4 57. e5 a3 58. e6 Re2 59. e7 a2
60. e8=Q+ Kf2 61. Qa7+ Kf1 62. Qxe2+ Kxe2 63. c5 g5 64. c6 g4 65. fxg4 Kf1 66.
c7 1-0

[Event "Cto Aragón Equipos DH Gr II"]
[Site "Aragon"]
[Date "2015.03.07"]
[Round "7.26"]
[White "Cerrajeria Ruiz, Jesus Maria"]
[Black "Garcia Vicente, Nieves"]
[Result "1-0"]
[WhiteElo "2163"]
[BlackElo "2171"]
[PlyCount "57"]
[EventDate "2015.01.24"]
[WhiteTeam "Helios"]
[BlackTeam "Caissa"]

1. f4 f5 2. e4 fxe4 3. Nc3 Nf6 4. g4 c6 5. g5 Nd5 6. f5 Qa5 7. Nxe4 Ne3 8. Qh5+
Kd8 9. g6 Qxf5 10. Qxf5 Nxf5 11. Ng5 Nh6 12. Nxh7 e5 13. d4 exd4 14. Bg5+ Kc7
15. O-O-O d5 16. Rxd4 Bc5 17. Bf4+ Kd8 18. Rd2 Ng4 19. Nh3 Re8 20. Bd3 Nd7 21.
N3g5 Nh6 22. Nf7+ Nxf7 23. gxf7 Rh8 24. Rg2 Bd4 25. c3 Be5 26. Bg5+ Kc7 27. Be7
Nc5 28. Bxc5 Bh3 29. Rf2 1-0

[Event "Cto Aragón Equipos DH Gr II"]
[Site "Aragon"]
[Date "2015.03.07"]
[Round "7.27"]
[White "Gil Capape, Marco Antonio"]
[Black "Aparicio Navarro, Pedro"]
[Result "0-1"]
[WhiteElo "2073"]
[BlackElo "2154"]
[PlyCount "70"]
[EventDate "2015.01.24"]
[WhiteTeam "Caissa"]
[BlackTeam "Helios"]

1. e4 c5 2. Nc3 Nc6 3. f4 e6 4. Nf3 d5 5. exd5 exd5 6. Bb5 Nf6 7. d4 a6 8.
Bxc6+ bxc6 9. O-O cxd4 10. Re1+ Be7 11. Qxd4 O-O 12. Ne5 c5 13. Qa4 Bd6 14. Bd2
Bb7 15. Nc6 Qc7 16. Na5 d4 17. Ne2 Bd5 18. Nc4 Ne4 19. Ba5 Qb7 20. Ng3 Bxf4 21.
Nxe4 Bxe4 22. g3 Bc6 23. Qa3 Qb5 24. b3 Bb8 25. Re7 Ra7 26. Rae1 Rxe7 27. Rxe7
Bd5 28. Nb6 Be6 29. Qa4 Qe2 30. Nc4 Qd1+ 31. Kf2 Qxc2+ 32. Nd2 Qf5+ 33. Kg1 Qg5
34. Re8 Qe3+ 35. Kg2 Bd5+ 0-1

[Event "Cto Aragón Equipos DH Gr II"]
[Site "Aragon"]
[Date "2015.03.07"]
[Round "7.28"]
[White "Navarro Alonso, Jorge"]
[Black "Carraminana Lopez, Luis Antoni"]
[Result "1-0"]
[WhiteElo "2145"]
[BlackElo "1968"]
[PlyCount "77"]
[EventDate "2015.01.24"]
[WhiteTeam "Helios"]
[BlackTeam "Caissa"]

1. e4 d6 2. d4 Nf6 3. Nc3 Nbd7 4. Nf3 e5 5. Bc4 Be7 6. O-O O-O 7. a4 c6 8. a5
Rb8 9. Re1 b5 10. axb6 axb6 11. d5 b5 12. dxc6 bxc4 13. cxd7 Bxd7 14. Nd2 Qc7
15. Nf1 Bc6 16. Bg5 Rxb2 17. Ne3 Nxe4 18. Nxe4 Bxe4 19. Bxe7 Qxe7 20. Nxc4 Bxc2
21. Qd2 Qb7 22. Nxb2 Qxb2 23. Reb1 Qxb1+ 24. Rxb1 Bxb1 25. Qxd6 e4 26. g4 h6
27. h4 Bd3 28. Kh2 Re8 29. Kg3 Re6 30. Qd8+ Kh7 31. g5 hxg5 32. hxg5 g6 33. Qf8
Ra6 34. Qxf7+ Kh8 35. Kf4 e3 36. Qe8+ Kg7 37. Qd7+ Kf8 38. Qxd3 Ra4+ 39. Kxe3
1-0

[Event "Cto Aragón Equipos DH Gr II"]
[Site "Aragon"]
[Date "2015.03.07"]
[Round "7.29"]
[White "Hefty, Jorge W"]
[Black "Donoso Sanchez, Alejandro"]
[Result "1-0"]
[WhiteElo "2325"]
[BlackElo "2218"]
[PlyCount "65"]
[EventDate "2015.01.24"]
[WhiteTeam "Ibercaja"]
[BlackTeam "CMU Cerbuna"]

1. d4 Nf6 2. c4 c5 3. d5 e6 4. Nc3 exd5 5. cxd5 d6 6. Nf3 g6 7. Bg5 Bg7 8. e3
O-O 9. Nd2 Nbd7 10. Be2 a6 11. a4 Re8 12. O-O b6 13. e4 h6 14. Bh4 g5 15. Bg3
Ne5 16. Rb1 h5 17. Bxe5 Rxe5 18. Nf3 Nxe4 19. Nxe5 Nxc3 20. bxc3 Bxe5 21. Bxh5
f5 22. Be2 Bxc3 23. Qb3 Bb4 24. Bc4 Qf6 25. Qd3 f4 26. Qb3 Ra7 27. Rbe1 b5 28.
Re8+ Kf7 29. Rxc8 bxc4 30. Qxc4 a5 31. Qe4 Re7 32. Qh7+ Qg7 33. Qf5+ 1-0

[Event "Cto Aragón Equipos DH Gr II"]
[Site "Aragon"]
[Date "2015.03.07"]
[Round "7.31"]
[White "Sanchez Castro, Roberto"]
[Black "Sacristan Latorre, Alberto"]
[Result "1/2-1/2"]
[WhiteElo "1995"]
[BlackElo "2021"]
[PlyCount "106"]
[EventDate "2015.01.24"]
[WhiteTeam "Ibercaja"]
[BlackTeam "CMU Cerbuna"]

1. e4 c5 2. Nf3 e6 3. d3 d6 4. g3 Nf6 5. Bg2 Nc6 6. Nbd2 Be7 7. O-O O-O 8. c3
Qc7 9. Qc2 Bd7 10. Re1 Rac8 11. Nf1 b5 12. Ng5 b4 13. f4 Na5 14. Bd2 Qb6 15.
Qd1 Bc6 16. c4 Bb7 17. Nf3 Rcd8 18. b3 Rfe8 19. h3 Nc6 20. g4 Nd4 21. Nxd4 cxd4
22. e5 Nd7 23. exd6 Bxd6 24. Ng3 Nc5 25. Bxb7 Qxb7 26. Qe2 e5 27. f5 e4 28.
Nxe4 Nxe4 29. dxe4 Bg3 30. Rf1 Rxe4 31. Qg2 Bd6 32. Rae1 Rde8 33. Rxe4 Rxe4 34.
Re1 Rxe1+ 35. Bxe1 Qb6 36. Qd5 h6 37. Bf2 Bc5 38. Kg2 Qa5 39. Kf3 Qc7 40. f6
gxf6 41. Bg3 Qe7 42. Bf4 Bb6 43. Qe4 Qd8 44. Bxh6 d3 45. Qd5 Qb8 46. Bf4 Bc7
47. Bd2 Bh2 48. Ke4 Qg3 49. Qxd3 Qg2+ 50. Kf5 Qf2+ 51. Ke4 Qg2+ 52. Kf5 Qf2+
53. Ke4 Qg2+ 1/2-1/2

[Event "Cto Aragón Equipos DH Gr II"]
[Site "Aragon"]
[Date "2015.03.07"]
[Round "7.32"]
[White "Colom Sienes, Eduardo"]
[Black "Garcia Monterde, Francisco Jos"]
[Result "1/2-1/2"]
[WhiteElo "2005"]
[BlackElo "1939"]
[PlyCount "98"]
[EventDate "2015.01.24"]
[WhiteTeam "CMU Cerbuna"]
[BlackTeam "Ibercaja"]

1. e4 c5 2. Nf3 e6 3. d4 cxd4 4. Nxd4 Bc5 5. Be3 Qb6 6. c3 Nc6 7. Nd2 Nxd4 8.
Nc4 Qc6 9. Bxd4 Qxe4+ 10. Be2 Be7 11. O-O Nf6 12. Bf3 Qf4 13. Qa4 O-O 14. Be5
Qg5 15. Bd6 Bxd6 16. Nxd6 Ne8 17. Nxc8 Rxc8 18. Qxa7 d5 19. Qxb7 Nd6 20. Qb3
Nc4 21. Be2 Nd2 22. Qd1 Nxf1 23. Bxf1 Rb8 24. b4 Rfc8 25. Qd4 Qf6 26. Rb1 Rxc3
27. Qa7 Qd8 28. b5 d4 29. Rd1 e5 30. a4 Ra8 31. Qb7 Rxa4 32. b6 Rb4 33. Ra1 Rc8
34. Ra7 Qe8 35. g3 Rb8 36. Qc7 R4xb6 37. Bc4 Rf6 38. Ra5 Qd8 39. Qxe5 h6 40.
Rd5 Rb1+ 41. Kg2 Qc8 42. Rxd4 Rb2 43. Rf4 Rxf4 44. Qxf4 Qb7+ 45. Kh3 Rb4 46.
Bxf7+ Kh8 47. Qd6 Qxf7 48. Qxb4 Qxf2 49. Qb5 Kh7 1/2-1/2

[Event "Cto Aragón Equipos Pref Gr I"]
[Site "Aragon"]
[Date "2015.03.07"]
[Round "7.33"]
[White "Faro Perella, Alberto"]
[Black "Soriano Ascaso, Ignacio"]
[Result "0-1"]
[WhiteElo "1927"]
[BlackElo "2140"]
[PlyCount "54"]
[EventDate "2015.01.24"]
[WhiteTeam "Binefar"]
[BlackTeam "Sabiñanigo"]

1. d4 g6 2. c4 Bg7 3. Nc3 d6 4. e4 Nf6 5. h3 O-O 6. Bg5 c5 7. d5 h6 8. Be3 a6
9. Nf3 b5 10. Bd3 e5 11. O-O bxc4 12. Bxc4 Nbd7 13. b3 Nh5 14. Rc1 f5 15. exf5
gxf5 16. Nxe5 Nxe5 17. Qxh5 f4 18. Bd2 Rf5 19. Qd1 Qh4 20. f3 Rg5 21. Rf2 Nxc4
22. bxc4 Bd4 23. Qe2 Bxh3 24. Kf1 Bxg2+ 25. Ke1 Qh1+ 26. Rf1 Bxf1 27. Qe6+ Kh8
0-1

[Event "Cto Aragón Equipos Pref Gr I"]
[Site "Aragon"]
[Date "2015.03.07"]
[Round "7.35"]
[White "Bayona Bafaluy, Jose Maria"]
[Black "Climente Martinez, Jose Luis"]
[Result "1-0"]
[WhiteElo "1777"]
[BlackElo "1891"]
[PlyCount "61"]
[EventDate "2015.01.24"]
[WhiteTeam "Binefar"]
[BlackTeam "Sabiñanigo"]

1. e4 Nf6 2. Nc3 e6 3. e5 Nd5 4. Bc4 Nb6 5. Bb3 d6 6. f4 dxe5 7. fxe5 Be7 8. d3
Bh4+ 9. g3 Be7 10. Qg4 g6 11. a3 h5 12. Qe2 Bd7 13. Nf3 Bc6 14. h4 N8d7 15. Rf1
Nc5 16. Ng5 Bxg5 17. Bxg5 Qd7 18. O-O-O Nxb3+ 19. cxb3 Bd5 20. Ne4 Qc6+ 21. Kb1
Nd7 22. Rc1 Qb6 23. Qf3 Rh7 24. Nf6+ Nxf6 25. Qxf6 Kf8 26. Qe7+ Kg8 27. Rxc7
Qxb3 28. Rxf7 Qa2+ 29. Kc1 Qa1+ 30. Kc2 Bb3+ 31. Kxb3 1-0

[Event "Cto Aragón Equipos Pref Gr I"]
[Site "Aragon"]
[Date "2015.03.07"]
[Round "7.36"]
[White "Pano Pinilla, Ernesto"]
[Black "Saura Solano, Jose Luis"]
[Result "0-1"]
[WhiteElo "1683"]
[BlackElo "1764"]
[PlyCount "64"]
[EventDate "2015.01.24"]
[WhiteTeam "Sabiñanigo"]
[BlackTeam "Binefar"]

1. Nf3 Nf6 2. d4 g6 3. Nc3 Bg7 4. e4 d6 5. Bb5+ c6 6. Be2 O-O 7. O-O b5 8. a3
Nbd7 9. Re1 a6 10. e5 dxe5 11. dxe5 Ng4 12. e6 Qb6 13. Rf1 fxe6 14. h3 Nh6 15.
Be3 Qc7 16. Ng5 Nf6 17. Qc1 Nf5 18. Nce4 Nxe4 19. Nxe4 Nxe3 20. fxe3 Rxf1+ 21.
Qxf1 Qb6 22. Qf3 Bd7 23. Rd1 Rf8 24. Qg3 Bc8 25. c3 Bh6 26. Ng5 Qc5 27. h4 Bg7
28. Kh1 Qb6 29. Qg4 Qxe3 30. Rf1 Rf5 31. Nf3 Qxe2 32. h5 Qxf1+ 0-1

[Event "Cto Aragón Equipos Pref Gr I"]
[Site "Aragon"]
[Date "2015.03.07"]
[Round "7.37"]
[White "Guetas Sanchez, Hugo"]
[Black "Fontana Sotomayor, Luis Javier"]
[Result "0-1"]
[WhiteElo "2173"]
[BlackElo "2302"]
[PlyCount "102"]
[EventDate "2015.01.24"]
[WhiteTeam "La Aurora Estadilla B"]
[BlackTeam "Jaime Casas B"]

1. e4 c6 2. Nc3 d5 3. Nf3 Bg4 4. h3 Bxf3 5. gxf3 e6 6. d4 Nd7 7. Qd3 Ngf6 8.
Bf4 Qa5 9. Rg1 Nb6 10. Bd2 Bb4 11. a3 Nc4 12. Ra2 Be7 13. Rxg7 Nxd2 14. Qxd2
dxe4 15. Nxe4 Qxd2+ 16. Nxd2 Nh5 17. Rg1 O-O-O 18. c3 Rhg8 19. Rxg8 Rxg8 20.
Ne4 Rg1 21. Ng3 Nf4 22. Kd2 Bh4 23. Ra1 Nxh3 24. Ne2 Rh1 25. Ng3 Bg5+ 26. Ke1
Rh2 27. Bxh3 Rxh3 28. Ke2 Bf4 29. Rh1 Rxh1 30. Nxh1 Bc1 31. b3 Bxa3 32. Ng3 Kd8
33. Kd3 Bd6 34. Ne4 Ke7 35. c4 f5 36. Ng5 Kf6 37. Nh3 b5 38. c5 Bc7 39. b4 h6
40. f4 Kg6 41. f3 Kh5 42. Ke3 a5 43. bxa5 Bxa5 44. Nf2 b4 45. Nd3 b3 46. Nb2
Bc3 47. Na4 Ba1 48. Kd3 Kh4 49. Nb6 Bxd4 50. Na4 Bg7 51. Nb6 Kg3 0-1

[Event "Cto Aragón Equipos Pref Gr I"]
[Site "Aragon"]
[Date "2015.03.07"]
[Round "7.38"]
[White "Maza Broto, Pablo"]
[Black "Felez Casedas, Carlos"]
[Result "1/2-1/2"]
[WhiteElo "2076"]
[BlackElo "2013"]
[PlyCount "82"]
[EventDate "2015.01.24"]
[WhiteTeam "Jaime Casas B"]
[BlackTeam "La Aurora Estadilla B"]

1. d4 d5 2. Nf3 e6 3. Bf4 c6 4. c3 f5 5. Nbd2 Nf6 6. e3 Bd6 7. Ne5 O-O 8. Bd3
Qe7 9. Qe2 Bd7 10. h3 Be8 11. g4 Ne4 12. gxf5 exf5 13. O-O-O Nxd2 14. Qxd2 Nd7
15. Nxd7 Bxd7 16. Bxd6 Qxd6 17. Rdg1 b5 18. Rg5 Rf7 19. h4 a5 20. Qc2 Raf8 21.
Kb1 Kh8 22. Qe2 b4 23. c4 dxc4 24. Bxc4 Be6 25. Rc1 a4 26. Qc2 b3 27. axb3 axb3
28. Bxb3 Rb7 29. Bxe6 Rfb8 30. Qc3 Qxe6 31. Rc2 Rb3 32. d5 Rxc3 33. dxe6 Rxc2
34. Kxc2 g6 35. e4 fxe4 36. Re5 Kg7 37. Rxe4 Re8 38. Kd3 Kf6 39. Kc4 Rxe6 40.
Rxe6+ Kxe6 41. Kc5 Kd7 1/2-1/2

[Event "Cto Aragón Equipos Pref Gr I"]
[Site "Aragon"]
[Date "2015.03.07"]
[Round "7.39"]
[White "Puertolas Serena, Arturo"]
[Black "Rodriguez Leiva, Manuel"]
[Result "0-1"]
[WhiteElo "1919"]
[BlackElo "1956"]
[PlyCount "44"]
[EventDate "2015.01.24"]
[WhiteTeam "La Aurora Estadilla B"]
[BlackTeam "Jaime Casas B"]

1. e4 e6 2. d4 d5 3. e5 c5 4. c3 Nc6 5. Nf3 Qb6 6. Bd3 Bd7 7. dxc5 Bxc5 8. O-O
Qc7 9. b4 Bb6 10. Qe2 Nge7 11. Na3 a6 12. b5 Nb8 13. c4 Bc5 14. Bb2 axb5 15.
Nxb5 Bxb5 16. cxb5 Ng6 17. g3 Nd7 18. h4 f6 19. exf6 Qxg3+ 20. Kh1 Qh3+ 21. Kg1
Nf4 22. f7+ Ke7 0-1

[Event "Cto Aragón Equipos Pref Gr I"]
[Site "Aragon"]
[Date "2015.03.07"]
[Round "7.40"]
[White "Buil Rello, Jose Antonio"]
[Black "Pellicer Cerezuela, Miguel"]
[Result "0-1"]
[WhiteElo "1921"]
[BlackElo "1862"]
[PlyCount "82"]
[EventDate "2015.01.24"]
[WhiteTeam "Jaime Casas B"]
[BlackTeam "La Aurora Estadilla B"]

1. e4 d5 2. exd5 Qxd5 3. Nf3 Nf6 4. Be2 Bf5 5. c4 Qd8 6. d4 e6 7. Nc3 c6 8. Bf4
Be7 9. h3 O-O 10. O-O Nbd7 11. Qd2 Ne4 12. Nxe4 Bxe4 13. Qe3 Bxf3 14. Bxf3 Nf6
15. Rfd1 Re8 16. Rac1 Qb6 17. Qc3 a5 18. b3 a4 19. Rb1 axb3 20. axb3 Ra3 21.
Bc1 Ra2 22. b4 Rea8 23. b5 c5 24. d5 exd5 25. Bxd5 Nxd5 26. Rxd5 Bf6 27. Qe1
Bd4 28. Be3 Re8 29. Qd1 Bxe3 30. fxe3 Qg6 31. Qf1 Rxg2+ 32. Qxg2 Qxb1+ 33. Kh2
b6 34. Rd2 Qc1 35. Qd5 Qe1 36. e4 g6 37. Rg2 Qxe4 38. Rd2 Qf4+ 39. Kg2 Re3 40.
Rf2 Rg3+ 41. Kf1 Qc1+ 0-1

[Event "Cto Aragón Equipos Pref Gr I"]
[Site "Aragon"]
[Date "2015.03.07"]
[Round "7.41"]
[White "Sanchez Herrera, Miguel"]
[Black "Pes Mateo, Angel"]
[Result "1/2-1/2"]
[WhiteElo "2121"]
[BlackElo "1986"]
[PlyCount "120"]
[EventDate "2015.01.24"]
[WhiteTeam "St. Casablanca C"]
[BlackTeam "Delicias B"]

1. d4 Nf6 2. Nf3 d6 3. b3 Bg4 4. Bb2 Nbd7 5. Nbd2 c5 6. e3 e6 7. Be2 Be7 8. h3
Bh5 9. O-O O-O 10. c4 a5 11. a4 h6 12. Bd3 cxd4 13. exd4 d5 14. Qe2 Bxf3 15.
Nxf3 Rc8 16. Rac1 Qb6 17. c5 Qc7 18. Rfe1 Nb8 19. Rc3 Nc6 20. Bb1 Rfe8 21. Re3
b6 22. Ne5 Nxe5 23. dxe5 Ne4 24. Bxe4 dxe4 25. cxb6 Qxb6 26. Rg3 Bc5 27. Bc1 e3
28. Bxe3 Bxe3 29. Rxe3 Red8 30. Rd1 Rd4 31. Rxd4 Qxd4 32. Qe1 Rc5 33. g3 Qb2
34. Kg2 Rc2 35. Rf3 Rc5 36. Qe4 Rd5 37. Qf4 Rd7 38. Qc4 Qd2 39. Qb5 g6 40. Qb8+
Kg7 41. Qb6 Qd5 42. Qe3 Rb7 43. Kh2 Rb4 44. Qc3 Rd4 45. Re3 Rd1 46. Re1 Rd3 47.
Qc4 Qf3 48. Qf4 Rxb3 49. Qxf3 Rxf3 50. Kg2 Rb3 51. Ra1 g5 52. g4 Kg6 53. Ra2 h5
54. Ra1 Rb4 55. f3 Rb2+ 56. Kf1 h4 57. Ra3 Rh2 58. Rc3 Ra2 59. Rc4 Ra3 60. Kf2
Kg7 1/2-1/2

[Event "Cto Aragón Equipos Pref Gr I"]
[Site "Aragon"]
[Date "2015.03.07"]
[Round "7.42"]
[White "Naya Sancho, Juan Manuel"]
[Black "Antonano Fedz-Quincoces, Aveli"]
[Result "0-1"]
[WhiteElo "1889"]
[BlackElo "1978"]
[PlyCount "76"]
[EventDate "2015.01.24"]
[WhiteTeam "Delicias B"]
[BlackTeam "St. Casablanca C"]

1. c4 f5 2. g3 Nf6 3. Bg2 e5 4. Nc3 Nc6 5. d3 Bc5 6. e3 O-O 7. Nge2 a6 8. a3 d6
9. O-O Ba7 10. b4 Rb8 11. Bb2 Qe8 12. Nd5 Nxd5 13. cxd5 Ne7 14. Rc1 c6 15. dxc6
bxc6 16. d4 e4 17. f3 d5 18. fxe4 fxe4 19. h3 $6 Nf5 20. Qb3 Bd7 21. Rf4 Nd6
22. Rcf1 Qe7 23. Nc3 Rxf4 24. Rxf4 Rf8 $15 25. Rxf8+ Qxf8 26. Nxe4 Nxe4 27.
Bxe4 Bxh3 28. Bg2 Bxg2 29. Kxg2 Qf5 $15 30. Qc3 $2 Qe6 31. Qd3 Qe4+ 32. Qxe4
dxe4 33. Bc3 Kf7 34. g4 Ke6 35. d5+ $2 Kxd5 $19 36. Bxg7 Bxe3 37. Kg3 Kc4 38.
Kg2 Bc1 0-1

[Event "Cto Aragón Equipos Pref Gr I"]
[Site "Aragon"]
[Date "2015.03.07"]
[Round "7.43"]
[White "Alvarez Gonzalo, Miguel Angel"]
[Black "Sanchez Perez, Carlos"]
[Result "1-0"]
[WhiteElo "1944"]
[BlackElo "1499"]
[PlyCount "73"]
[EventDate "2015.01.24"]
[WhiteTeam "St. Casablanca C"]
[BlackTeam "Delicias B"]

1. c4 Nf6 2. g3 g6 3. Bg2 Bg7 4. Nc3 c6 5. d4 O-O 6. e4 d6 7. Nge2 Re8 8. O-O
Nbd7 9. f4 Nb6 10. e5 Nfd7 11. b3 Nf8 12. Be3 Qc7 13. Rc1 Bd7 14. c5 Nc8 15.
cxd6 exd6 16. Qd2 Ne7 17. Nb5 Qb8 18. Nxd6 Rd8 19. Nc3 Nf5 20. Nce4 Be6 21.
Nxf5 Bxf5 22. Nd6 Be6 23. Qf2 Nd7 24. f5 Bd5 25. fxg6 fxg6 26. Bxd5+ cxd5 27.
Qg2 Nb6 28. Qh3 Rxd6 29. exd6 Qxd6 30. Rf4 Re8 31. Bf2 Qb4 32. Rf1 Qd2 33. a4
g5 34. Rf5 Re4 35. a5 g4 36. Qh4 Qxa5 37. Qd8+ 1-0

[Event "Cto Aragón Equipos Pref Gr I"]
[Site "Aragon"]
[Date "2015.03.07"]
[Round "7.45"]
[White "Baron Rodriguez, Jesus"]
[Black "Perez Puyal, Jose Joaquin"]
[Result "1-0"]
[WhiteElo "2441"]
[BlackElo "1922"]
[PlyCount "59"]
[EventDate "2015.01.24"]
[WhiteTeam "Ibercaja B"]
[BlackTeam "Jaque"]

1. e4 d5 2. exd5 Qxd5 3. Nc3 Qa5 4. Bc4 Nf6 5. Nf3 c6 6. O-O Bf5 7. b4 Qc7 8.
Re1 e6 9. Rb1 Be7 10. d3 O-O 11. a4 Nbd7 12. Bd2 Nb6 13. Ba2 Nbd5 14. Ne4 Rfd8
15. Ng3 Bg6 16. Ne5 Nd7 17. Nxg6 hxg6 18. Qf3 Bd6 19. Ne4 Bxh2+ 20. Kh1 Bf4 21.
Bxd5 Bxd2 22. Bxe6 fxe6 23. Nxd2 Rf8 24. Qg4 Rf5 25. Rxe6 Nf8 26. Re3 Rxf2 27.
Nf3 Rxc2 28. Ng5 Qc8 29. Qh4 Qf5 30. Rh3 1-0

[Event "Cto Aragón Equipos Pref Gr I"]
[Site "Aragon"]
[Date "2015.03.07"]
[Round "7.46"]
[White "Uldemolins Nivela, Mateo"]
[Black "Gines Esteo, Pedro Antonio"]
[Result "1/2-1/2"]
[WhiteElo "1867"]
[BlackElo "2044"]
[PlyCount "130"]
[EventDate "2015.01.24"]
[WhiteTeam "Jaque"]
[BlackTeam "Ibercaja B"]

1. e4 c6 2. d4 d5 3. exd5 cxd5 4. Bd3 Nc6 5. c3 Nf6 6. Bf4 Bg4 7. Qb3 Qd7 8.
Nd2 Nh5 9. Be3 e5 10. dxe5 Nxe5 11. Bb5 Nc6 12. Ngf3 Nf6 13. O-O Bd6 14. Bg5
Bxf3 15. Nxf3 Ne4 16. Rfe1 O-O 17. Rad1 Nxg5 18. Nxg5 h6 19. Nf3 Rad8 20. g3
Bc5 21. Bf1 Qf5 22. Bg2 Rd7 23. Qb5 Bb6 24. Qd3 Qf6 25. Re2 Rfd8 26. Rde1 g6
27. Re8+ Kg7 28. Rxd8 Rxd8 29. Re2 d4 30. Nxd4 Nxd4 31. cxd4 Bxd4 32. Qf3 Qg5
33. h3 b6 34. b3 Rd7 35. Rc2 Re7 36. Qd5 Qf6 37. Qf3 Qe5 38. Kh2 h5 39. Qd5 Qf6
40. Qf3 Qe5 41. Qd5 Qxd5 42. Bxd5 Bc5 43. Kg2 Re5 44. Bc4 Re7 45. Rd2 Rc7 46.
Kf3 Be7 47. Re2 h4 48. Re4 hxg3 49. fxg3 Bf6 50. Re3 Bg5 51. Rd3 Re7 52. a4 Bf6
53. Rd1 Bc3 54. Rd3 Bb4 55. Re3 Rc7 56. Rd3 Bc5 57. h4 Re7 58. Rd5 Re3+ 59. Kf4
Re7 60. Kf3 a5 61. Rd3 Kf6 62. g4 Kg7 63. h5 gxh5 64. gxh5 Kh6 65. Kg4 Re4+
1/2-1/2

[Event "Cto Aragón Equipos Pref Gr I"]
[Site "Aragon"]
[Date "2015.03.07"]
[Round "7.47"]
[White "Gines Abad, Pedro"]
[Black "Escartin Lacasa, Jose"]
[Result "0-1"]
[WhiteElo "2036"]
[BlackElo "1626"]
[PlyCount "136"]
[EventDate "2015.01.24"]
[WhiteTeam "Ibercaja B"]
[BlackTeam "Jaque"]

1. e4 d6 2. d4 Nf6 3. Nc3 Nbd7 4. Nf3 e5 5. Bg5 Be7 6. dxe5 dxe5 7. Bc4 O-O 8.
Qe2 c6 9. a3 b5 10. Ba2 Bb7 11. O-O Qc7 12. Rfd1 Rad8 13. h3 h6 14. Be3 Bc5 15.
Rd2 Bxe3 16. Qxe3 Nb6 17. Rad1 Rxd2 18. Qxd2 Re8 19. Qe3 Re7 20. Qc5 Nc8 21.
Nh4 Rd7 22. f3 Rxd1+ 23. Nxd1 Qd8 24. Nf2 Nd7 25. Qc3 Qxh4 26. a4 Qe7 27. axb5
cxb5 28. Qc7 Nc5 29. Qxe7 Nxe7 30. Ng4 Ng6 31. Kf2 Na4 32. b4 Kf8 33. g3 Ke7
34. Ne3 Nb6 35. Nf5+ Kf6 36. Nd6 Bc6 37. Bxf7 Ke7 38. Bxg6 Kxd6 39. Bf7 Nc4 40.
Ke2 Bd7 41. g4 Be6 42. Be8 a6 43. h4 Na3 44. Kd2 Nb1+ 45. Kc1 Nc3 46. Kd2 Na4
47. g5 hxg5 48. hxg5 Nb6 49. Ke3 Bh3 50. f4 Nc4+ 51. Kf3 exf4 52. Kxf4 Na3 53.
e5+ Ke6 54. Bc6 Nxc2 55. Bb7 Bf1 56. Bc8+ Ke7 57. Bxa6 Nxb4 58. Bc8 Nd5+ 59.
Ke4 Bg2+ 60. Kd4 b4 61. Kc5 b3 62. Bf5 b2 63. Kd4 Bh3 64. Bh7 Be6 65. Bb1 Nb4
66. Kc3 Ba2 67. Bxa2 Nxa2+ 68. Kxb2 Ke6 0-1

[Event "Cto Aragón Equipos Pref Gr I"]
[Site "Aragon"]
[Date "2015.03.07"]
[Round "7.48"]
[White "Ereza Vizcarra, Fernando"]
[Black "Eizaguerri Floris, Maria"]
[Result "1-0"]
[WhiteElo "1572"]
[BlackElo "1902"]
[PlyCount "49"]
[EventDate "2015.01.24"]
[WhiteTeam "Jaque"]
[BlackTeam "Ibercaja B"]

1. d4 d5 2. Nf3 Nf6 3. Bf4 e6 4. e3 Be7 5. Bd3 O-O 6. Nbd2 Nbd7 7. O-O b6 8.
Ne5 Bb7 9. Qf3 g6 10. c3 Kg7 11. h3 c5 12. Bb5 a6 13. Bd3 b5 14. Ng4 Nxg4 15.
hxg4 Rh8 16. Qg3 h5 17. g5 Rc8 18. Nf3 Rf8 19. Ne5 Nxe5 20. Bxe5+ Kh7 21. Qh4
Kg8 22. f4 Bd6 23. Rf3 Qc7 24. g4 Rcd8 25. gxh5 1-0